000 01320nam a2200361 i 4500
001 197108
003 ES-MaACL
005 20250821063123.0
008 250109s2008 sp a |||||| 00 0 spa
015 _aMON07
017 _aS 1041-2008
_bOficina Depósito Legal Salamanca
020 _a9788440718686
035 _a(OCoLC)433396300
035 _a(SpMaBN)a3311162
040 _aSpMaBN
_bspa
_cSpMaBN
_erdc
080 _a689:643
100 1 _aCastañón, Covadonga
_9240015
_eaut
245 1 0 _a100 tareas de bricolaje doméstico /
_c[texto, Covadonga Castañón].
246 3 _aCien tareas de bricolaje doméstico
260 _aMadrid :
_bClub Internacional del Libro,
_c[2007].
300 _a222 páginas :
_bilustrado a color ;
_c23 cm.
336 _2rdacontent
_atexto
337 _2rdamedia
_asin mediación
338 _2rdacarrier
_avolumen
490 1 _aBiblioteca del hogar
650 7 _aBricolaje
_2embne
_910616
852 _aES-MaACL
_cDEPOJ
_jN-10487
_hDonación: José Lázaro García
_xEncuadernación cartoné
_9206610
903 _9234219
_aLázaro García, José
_ednr
942 _cMONOGRAFIA
_n0
999 _c197108
_d197108